[Event "GER-chT U14 Girls"]
[Site "Dittrichshuette"]
[Date "2005.12.29"]
[Round "6.1"]
[White "Von Maltzahn, Carolin"]
[Black "Czygan, Sirin"]
[Result "0-1"]
[WhiteElo "1093"]
[BlackElo "1499"]
[PlyCount "67"]
[EventDate "2005.12.27"]
[EventType "team-swiss"]
[EventRounds "6"]
[EventCountry "GER"]
[SourceTitle "CBM 110 Extra"]
[Source "ChessBase"]
[SourceDate "2006.03.10"]
[SourceVersion "2"]
[SourceVersionDate "2006.03.10"]
[SourceQuality "1"]
[WhiteTeam "Vaterstetten SC U14 Girls"]
[BlackTeam "Wattenscheid U14 Girls"]
[WhiteTeamCountry "GER"]
[BlackTeamCountry "GER"]

1. e4 c5 2. c3 d6 3. d4 cxd4 4. cxd4 a6 5. Nf3 Nf6 6. Bd3 Nc6 7. 0-0 Bg4 8. Nc3 Nxd4 9. Be2 Nxf3+ 10. Bxf3 Bxf3 11. Qxf3 e5 12. Bg5 Be7 13. Nd5 Nxd5 14. Bxe7 Nxe7 15. Rad1 Nc6 16. Qd3 Nd4 17. f4 0-0 18. g3 Qb6 19. Kg2 Qxb2+ 20. Rd2 Qb6 21. fxe5 dxe5 22. Rb1 Qc6 23. Rbd1 b5 24. h4 Rfd8 25. Qe3 Rac8 26. h5 Qe6 27. Rf2 Rc6 28. Rh1 Rdc8 29. Rh4 Rc2 30. Rxc2 Rxc2+ 31. Kf1 Qxa2 32. g4 Qb1+ 33. Qe1 Qxe1+ 34. Kxe1 0-1

[Event "GER-chT U14 Girls"]
[Site "Dittrichshuette"]
[Date "2005.12.27"]
[Round "1.1"]
[White "Gordeeva, Vitalia"]
[Black "Von Maltzahn, Carolin"]
[Result "1/2-1/2"]
[WhiteElo "1375"]
[BlackElo "1093"]
[PlyCount "53"]
[EventDate "2005.12.27"]
[EventType "team-swiss"]
[EventRounds "6"]
[EventCountry "GER"]
[SourceTitle "CBM 110 Extra"]
[Source "ChessBase"]
[SourceDate "2006.03.10"]
[SourceVersion "2"]
[SourceVersionDate "2006.03.10"]
[SourceQuality "1"]
[WhiteTeam "Gerresheim U14 Girls"]
[BlackTeam "Vaterstetten SC U14 Girls"]
[WhiteTeamCountry "GER"]
[BlackTeamCountry "GER"]

1. e4 d6 2. d4 Nf6 3. Nc3 e6 4. Bg5 Be7 5. Nf3 0-0 6. Bd3 Nbd7 7. 0-0 h6 8. Bh4 e5 9. Ne2 Rb8 10. c4 b6 11. d5 Nc5 12. b4 Ncxe4 13. Bxf6 Nxf6 14. Nc3 Bg4 15. h3 Bxf3 16. Qxf3 Re8 17. Qd1 a6 18. Re1 Nd7 19. Bc2 Bf6 20. Qd3 e4 21. Qe3 Bxc3 22. Qxc3 Nf6 23. Qd4 Qe7 24. Re2 Qe5 25. Rd1 Re7 26. Re3 g6 27. Qxe5 1/2-1/2